000 00528nam a2200181Ia 4500
001 20095
005 20260306172741.0
008 260306t2013||||xx |||||||||||||| ||spa||
041 _aESP
082 _a342.211
_bP35 T. 4 V. 5 L. 1
100 _aPeces-Barba Martínez, Gregorio
_eAUT
245 0 _aHistoria de los derechos fundamentales. Tomo IV:
_bsiglo XX: Volumen 5: libro 1. Cultura de la Paz
260 _c2013
300 _axvi, 605 páginas :
_c24 cm.
650 _aGEN
654 _aCDE
942 _cLIB
_dJUS
_fJUS
_2ddc
_n
999 _c20095
_d20095